| 000 | 00410nam a22001697a 4500 | ||
|---|---|---|---|
| 005 | 20160518142726.0 | ||
| 008 | 160518b xxu||||| |||| 00| 0 eng d | ||
| 020 | _a0-07-048695-6 | ||
| 041 | _aeng | ||
| 082 | _b2951 | ||
| 100 |
_aLesikar, R.V. Flatley, M.E. _9750 |
||
| 245 | _aBasic Business Communication | ||
| 260 |
_aNew Delhi _bTMH, _c2002 |
||
| 300 | _a592 | ||
| 650 |
_aManagement _9241 |
||
| 942 | _cBK | ||
| 999 |
_c1031 _d1031 |
||